2025世界品牌200强 - Statistics

General Stats
  • This quiz has been taken 58 times
  • The average score is 76 of 200
Answer Stats
排名 国家 企业 核心领域 % Correct
1 USA 苹果 (Apple) 科技
100%
6 USA 华为 (Huawei) 科技
93%
13 USA 丰田 (TOYOTA) 汽车
93%
166 USA 荷兰国际集团 (ING) 金融
91%
7 USA 三星 (SAMSUNG) 科技
91%
28 USA 中国银行 (Bank of China) 银行/金融
89%
9 USA 脸书 (Facebook) 社交
89%
62 USA 本田 (Honda) 汽车
87%
12 USA 腾讯 (Tencent) 社交
87%
11 USA 中国工商银行 (ICBC) 银行/金融
84%
16 USA 奔驰 (Mercedes-Benz) 汽车
84%
2 USA 微软 (Microsoft) 科技
84%
20 USA 宝马 (BMW) 汽车
82%
3 USA 谷歌 (Google) 科技
82%
27 USA 贵州茅台 (Moutai) 酒精
82%
10 USA 特斯拉 (Tesla) 汽车
82%
35 USA 大众 (Volkswagen) 汽车
82%
5 USA 沃尔玛 (Walmart) 零售
82%
54 USA 阿里巴巴 (Alibaba) 零售
80%
140 USA 肯德基 (KFC) 餐饮
80%
29 USA 麦当劳 (McDonald's) 餐饮
80%
4 USA 亚马逊 (Amazon) 零售
78%
34 USA 中国移动 (China Mobile) 通信
78%
24 USA 可口可乐 (Coca-Cola) 食品饮料
78%
78 USA 通用电气 (General Electric) 工程和建筑
78%
38 USA 中国石油 (PetroChina) 石油和天然气
78%
8 USA 字节跳动 (ByteDance) 社交
76%
79 USA USA 台积电 (TSMC) 科技
76%
116 USA 中国电信 (China Telecom) 通信
73%
37 USA 路易威登 (Louis Vuitton) 奢饰品
71%
36 USA 耐克 (NIKE) 运动品牌
71%
21 USA 中国农业银行 (ABC) 银行/金融
69%
72 USA 比亚迪 (BYD) 汽车
69%
19 USA 中国建设银行 (CCB) 银行/金融
67%
94 USA 中国人寿 (China Life) 保险
67%
158 USA 阿迪达斯 (Adidas) 运动品牌
64%
75 USA 香奈儿 (CHANEL) 奢饰品
64%
87 USA 百事 (Pepsi) 食品饮料
64%
70 USA 福特 (Ford) 汽车
62%
63 USA 现代 (Hyundai) 汽车
62%
52 USA 三菱集团 (Mitsubishi) 汽车
62%
44 USA 中国平安 (Ping An) 保险
62%
136 USA 海尔 (Haier) 电器
60%
23 USA 英伟达 (NVIDIA) 科技
60%
14 USA 国家电网 (State Grid) 公用事业
60%
33 USA 摩根大通 (J.P. Morgan) 银行/金融
58%
119 USA 美的 (Midea) 电器
58%
115 USA 索尼 (Sony) 科技
58%
138 USA 波音 (Boeing) 飞机/国防
56%
77 USA 京东 (JD.com) 零售
56%
69 USA 西门子 (Siemens) 电器
56%
82 USA 中石化 (Sinopec) 石油和天然气
56%
59 USA 花旗 (Citi group) 银行/金融
53%
110 USA 爱马仕 (HERMES) 奢饰品
53%
107 USA 五粮液 (Wuliangye) 酒精
53%
65 USA 招商银行 (CMB) 银行/金融
51%
155 USA 日产 (Nissan) 汽车
51%
39 USA 保时捷 (PORSCHE) 汽车
51%
41 USA 美国银行 (Bank of America) 银行/金融
49%
200 USA 格力 (GREE) 电器
49%
171 USA 空中客车 (Airbus) 飞机/国防
47%
124 USA 百度 (Baidu) 科技
47%
122 USA 古驰 (GUCCI) 奢饰品
47%
73 USA 汇丰 (HSBC) 银行/金融
47%
104 USA 宜家 (IKEA) 零售
47%
157 USA 起亚 (KIA) 汽车
47%
40 USA 壳牌 (Shell) 石油和天然气
47%
170 USA 家乐福 (Carrefour) 零售
44%
31 USA USA 华润 (China Resources) 房地产/多元化
44%
22 USA 迪士尼 (Disney) 社交/娱乐
44%
80 USA 照片墙 (Instagram) 社交
44%
92 USA 英特尔 (Intel) 科技
44%
56 USA 油管 (YouTube) 社交
44%
194 USA 太平洋保险 (CPIC) 保险
42%
85 USA 中国建筑 (CSCEC) 工程和建筑
42%
26 USA 甲骨文 (Oracle) 科技
42%
128  USA 劳力士 (Rolex) 奢饰品
42%
88 USA 奥迪 (Audi) 汽车
40%
160 USA 美团 (Meituan) 服务
40%
58  USA 雀巢 (Nestle) 食品饮料
40%
17 USA 美国电话电报 (AT & T) 通信
38%
197 USA 雪佛兰 (Chevrolet) 汽车
38%
113 USA 迪奥 (DIOR) 奢饰品
38%
68 USA 联邦快递 (FedEx) 物流
38%
100 USA LG集团 (LG) 科技
38%
66 USA 思艾普 (SAP) 科技
38%
182 USA 软银 (SoftBank) 通信
38%
177 USA 沙特电信 (STC) 通信
38%
118 USA 联合利华 (Unilever) 日用品
38%
187 USA 优衣库 (UNIQLO) 服饰
38%
15 USA 德国电信 (Deutsche Telekom) 通信
36%
141 USA 松下 (Panasonic) 科技
36%
81 USA 宝洁 (P&G) 日用品
36%
142 USA 山姆 (Sam's Club) 零售
36%
32 USA 沙特阿美 (Saudi Aramco) 石油和天然气
36%
25 USA 星巴克 (Starbucks) 餐饮
36%
165 USA 沃尔沃 (VOLVO) 汽车
36%
43 USA 开市客 (Costco) 零售
33%
74 USA 安永 (Ernst & Young) 商业服务
33%
83 USA 埃克森美孚 (ExxonMobil) 石油和天然气
33%
193 USA 法拉利 (Ferrari) 汽车
33%
146 USA 强生 (Johnson & Johnson) 制药/医疗产品
33%
111 USA 拼多多 (Pinduoduo) 零售
33%
133 USA SK集团 (SK Group) 通信
33%
172 USA 惠普 (HP) 科技
31%
55 USA 国际商业机器 (IBM) 商业服务/消费
31%
57 USA 万宝路 (Marlboro) 香烟
31%
191 USA 标普全球 (S&P Global) 商业服务
31%
102 USA 塔吉特 (Target) 零售
31%
130 USA 交通银行 (BOCOM) 银行/金融
29%
103 USA 英国石油 (BP) 石油和天然气
29%
50 USA 联合包裹 (UPS) 物流
29%
121 USA 飒拉 (ZARA) 服饰
29%
30 USA 安联 (Allianz) 保险
27%
99 USA 博世 (BOSCH) 汽车部件/电器
27%
46 USA 思科 (Cisco) 科技
27%
125 USA 中国中铁 (CREC) 工程和建筑
27%
91 USA 戴尔 (DELL) 科技
27%
144 USA 高盛 (Goldman sachs) 银行/金融
27%
139 USA 欧莱雅 (L'Oreal) 日用品/化妆品
27%
148 USA 乐购 (Tesco) 零售
27%
176 USA 7-Eleven (7-Eleven) 零售
24%
86 USA 三井 (MITSUI) 多元化
24%
174 USA USA 友邦 (AIA) 保险
22%
129 USA 奥乐齐 (ALDI) 零售
22%
134 USA 雪佛龙 (Chevron) 石油和天然气
22%
49 USA 德勤 (Deloitte) 商业服务
22%
152 USA 日立 (Hitachi) 工程和建筑
22%
145 USA 摩根士丹利 (Morgan Stanley) 金融
22%
181 USA 保利集团 (Poly Group) 房地产/多元化
22%
61 USA 塔塔集团 (Tata Group) 多元化
22%
47 USA 埃森哲 (Accenture) 商业服务
20%
101 USA 中信集团 (CITIC Group) 多元化
20%
188 USA 中粮集团 (COFCO) 农业
20%
42 USA 家得宝 (Home Depot) 零售
20%
127 USA 毕马威 (KPMG) 商业服务
20%
71 USA 奈飞 (Netflix) 社交/娱乐
20%
150 USA 中国人保 (PICC) 保险
20%
149 USA 普华永道 (PWC) 商业服务
20%
117 USA 加拿大皇家银行 (RBC) 银行/金融
20%
18 USA 威瑞森 (Verizon) 通信
20%
112 USA 沃达丰 (Vodafone) 通信
20%
151 USA 巴黎银行 (BNP Paribas) 银行/金融
18%
120 USA 领英 (LinkedIn) 社交
18%
192 USA 万豪国际 (Marriott International) 酒店
18%
60 USA 日本电报电话 (NTT Group) 通信
18%
97 USA 桑坦德银行 (Santander) 银行/金融
18%
114 USA 住友 (SUMITOMO) 投资
18%
126 USA 多伦多道明银行 (TD Bank) 银行/金融
18%
95 USA 优步 (Uber) 服务
18%
106  USA 瑞银集团 (UBS) 银行/金融
18%
45 USA 维萨 (VISA) 商业服务
18%
108 USA 奥多比 (Adobe) 科技
16%
48 USA 美国运通 (America Express) 商业服务
16%
131 USA 卡特彼勒 (Caterpillar) 工程和建筑
16%
143 USA 中国铁建 (CRCC) 工程和建筑
16%
76 USA 西维斯健康 (CVS Health) 零售
16%
147 USA 敦豪 (DHL) 物流
16%
67 USA 万事达 (Mastercard) 商业服务
16%
123 USA 贝宝 (PayPal) 商业服务/消费
16%
96 USA 道达尔能源 (Total Energies) 石油和天然气
16%
51 USA 联合健康 (UnitedHealth) 卫生保健
16%
53 USA 富国银行 (Wells Fargo) 银行/金融
16%
105 USA 安盛 (AXA) 保险
13%
178 USA 巴克莱银行 (Barclays) 银行/金融
13%
183 USA 百威 (Budweiser) 酒精
13%
90 USA 特许通讯 (Charter Communications) 通信
13%
196 USA 三菱日联金融 (MUFG) 金融
13%
163 USA 马石油 (PETRONAS) 石油和天然气
13%
98 USA 赛富时 (Salesforce) 科技
13%
161 USA 缤客 (Booking.com) 旅游/住宿
11%
154 USA 卡地亚 (Cartier) 奢饰品
11%
198 USA 信诺集团 (Cigna Group) 卫生保健
11%
135 USA 法国电力 (EDF) 公用事业
11%
137 USA 利德尔 (Lidl) 零售
11%
199 USA 信实工业 (Reliance) 石油和天然气
11%
156 USA 沃联博 (Walgreens Boots Alliance) 零售
11%
109 USA 阿布扎比国家石油 (ADNOC) 石油和天然气
9%
89 USA 宁德时代 (CATL) 科技
9%
175 USA 国家能源集团 (CHN Energy) 公用事业
9%
168 USA 兴业银行 (CIB) 银行/金融
9%
159 USA 阿联酋电信 (Emirates Telecom) 通信
9%
180 USA 意大利国家电力 (ENEL) 公用事业
9%
84 USA 劳氏 (Lowe's) 零售
9%
93 USA 法国电信 (Orange) 通信
9%
184 USA 大众超级市场 (Publix Super Markets) 零售
9%
173 USA 第一资本金融 (Capital One) 金融
7%
64 USA 康卡斯特 (Comcast) 通信
7%
195 USA 库世塔德 (Couche-Tard) 零售
7%
132 USA 艾丽温思健康 (Elevance Health) 卫生保健
7%
169 USA 哈门那 (Humana) 卫生保健
7%
185 USA 丰业银行 (ScotiaBank) 银行/金融
7%
186  USA 安达保险 (Chubb) 保险
4%
153 USA 约翰迪尔 (John Deere) 工程和建筑
4%
162 USA KDDI电信 (KDDI) 通信
4%
179 USA 前进保险 (Progressive) 保险
4%
164 USA 万喜集团 (VINCI) 工程和建筑
4%
167 USA 霍尼韦尔 (Honeywell) 工程和建筑
2%
190 USA 博通 (Broadcom) 科技
0%
189 USA 法能集团 (Engie) 公用事业
0%
No matching quizzes found
Score Distribution
Percent of People with Each Score
Percentile by Number Answered
Your Score History
You have not taken this quiz